00454nam a2200145 a 450000500170000000800410001702000180005805000240007610000250010024500790012526000490020430000230025365000090027665000230028520140412111237.0001115s19uu xx 00 eng d a0-590-04794-9 aM 636.8bSe464 1973 aSelsam, Millicent E. aHow kittens grow /cby Millicent E. Selsam ; photographs by Esther Bubley. aNew York :bScholastic Book Services,c1973. a1 v. (unp.) ; ill. aCats aAnimals -- Infancy